MARC details
| 000 -CABECERA |
| campo de control de longitud fija |
01081cam a2200265 a 4500 |
| 001 - NÚMERO DE CONTROL |
| campo de control |
000006009 |
| 005 - FECHA Y HORA DE LA ÚLTIMA TRANSACCIÓN |
| campo de control |
20200929151901.0 |
| 008 - DATOS DE LONGITUD FIJA--INFORMACIÓN GENERAL |
| campo de control de longitud fija |
980626s1998 sp b 001 p spa |
| 020 ## - NÚMERO INTERNACIONAL ESTÁNDAR DEL LIBRO |
| Número Internacional Estándar del Libro |
8420634131 |
| 040 ## - FUENTE DE LA CATALOGACIÓN |
| Centro catalogador/agencia de origen |
DO-SdBNP |
| Centro/agencia transcriptor |
DLC |
| Centro/agencia modificador |
DLC |
| 082 ## - NÚMERO DE LA CLASIFICACIÓN DECIMAL DEWEY |
| Número de clasificación |
H861.44 |
| Número de documento/Ítem |
O49p |
| 100 1# - ENTRADA PRINCIPAL--NOMBRE DE PERSONA |
| Nombre de persona |
Olivio Jiménez, José |
| Fechas asociadas al nombre |
1926-2003 |
| 9 (RLIN) |
16920 |
| 245 10 - MENCIÓN DE TÍTULO |
| Título |
La prosa modernista hispanoamericana : |
| Resto del título |
introducción crítica y antología / |
| Mención de responsabilidad, etc. |
José Olivio Jiménez, Carlos Javier Morales. |
| 260 ## - PUBLICACIÓN, DISTRIBUCIÓN, ETC. |
| Lugar de publicación, distribución, etc. |
Madrid : |
| Nombre del editor, distribuidor, etc. |
Alianza Editorial, |
| Fecha de publicación, distribución, etc. |
1998. |
| 300 ## - DESCRIPCIÓN FÍSICA |
| Extensión |
395 p. ; |
| Dimensiones |
18 cm. |
| 490 1# - MENCIÓN DE SERIE |
| Mención de serie |
El libro de bolsillo ; |
| Designación de volumen o secuencia |
5303. |
| Mención de serie |
Literatura hispanoamericana |
| 490 1# - MENCIÓN DE SERIE |
| Mención de serie |
Literatura |
| 650 #4 - PUNTO DE ACCESO ADICIONAL DE MATERIA--TÉRMINO DE MATERIA |
| Término de materia o nombre geográfico como elemento de entrada |
Prosa |
| Subdivisión general |
Crítica e interpretación |
| 9 (RLIN) |
16921 |
| 650 #4 - PUNTO DE ACCESO ADICIONAL DE MATERIA--TÉRMINO DE MATERIA |
| Término de materia o nombre geográfico como elemento de entrada |
Poesía hispanoamericana |
| Subdivisión general |
Crítica e interpretación |
| 9 (RLIN) |
16922 |
| 650 #4 - PUNTO DE ACCESO ADICIONAL DE MATERIA--TÉRMINO DE MATERIA |
| Término de materia o nombre geográfico como elemento de entrada |
Literatura hispanoamericana |
| Subdivisión general |
Crítica e interpretación |
| 9 (RLIN) |
218 |
| 650 #4 - PUNTO DE ACCESO ADICIONAL DE MATERIA--TÉRMINO DE MATERIA |
| Término de materia o nombre geográfico como elemento de entrada |
Literatura hispanoamericana |
| Subdivisión cronológica |
SIGLO XX |
| 9 (RLIN) |
16923 |
| 700 1# - PUNTO DE ACCESO ADICIONAL--NOMBRE DE PERSONA |
| Nombre de persona |
Morales, Carlos Javier. |
| 9 (RLIN) |
15083 |
| 830 #0 - PUNTO DE ACCESO ADICIONAL DE SERIE-TÍTULO UNIFORME |
| Título uniforme |
Libro de bolsillo ; |
| Nombre de parte o sección de la obra |
Literatura hispanoamericana |
| -- |
Literatura |
| 9 (RLIN) |
16924 |
| 910 ## - DATOS DE OPCIÓN DEL USUARIO (OCLC) |
| Datos de opción del usuario |
Catalogación por copia / LC |